00999nam a2200289 a 450000500170000000800410001704000250005804100080008304400070009108200160009810000270011424501210014126000370026230000460029965000150034565000100036065000100037065000250038065000200040565000290042566200600045466200420051466200560055666200470061270000260065970000240068520200104041522.0140303b1993 ck a gr|||| 00| 0 spa d aCO-BoIAVHcCO-BoIAVH aspa ack a639.2bM71e1 aMolano Rueda, Fernando1 aEstudio biológico pesquero en aguas bajas de los ríos Duda, Guayabero y sus tributarios en el P.N.N. La Macarena aBogotábINDERENAbCorposc1993 a80 paginas.bilustraciones.;c22 x 28 cm. 4aBiología 4aPeces 6aPesca 4aComercio de especies 4aManejo de fauna 6aactividades económicas aColombiacParque Nacional Natural La MacarenabAmazonas aColombiacRío DudabMeta y Guaviare aColombiacParque Nacional Natural TiniguabAmazonas aColombiacRío GuayaberobMeta y Guaviare1 aVargas Torres, Hector1 aMayorga G., Marcela